| 000 | 00485nam a22001817a 4500 | ||
|---|---|---|---|
| 005 | 20260424153120.0 | ||
| 008 | 260424b |||||||| |||| 00| 0 eng d | ||
| 020 |
_a9783111700076 _c1899.00 |
||
| 040 | _aMAIN | ||
| 041 | _aEnglish | ||
| 082 |
_a512.5 _bKOR |
||
| 100 |
_aKorman, Philip _926752 |
||
| 245 | _aLectures on Linear Algebra And ITS Application | ||
| 260 |
_aBerlin _bBerlin De Gruyter _c2025 |
||
| 300 | _a250 | ||
| 650 |
_aMathematics (PM USHA) _926738 |
||
| 942 | _cBK | ||
| 999 |
_c60737 _d60737 |
||